00701cam a2200217 a 4500001000500000005001700005020001800022040002300040050002000063082000800083100001700091245008300108250001900191260004800210300005600258490003600314505000800350520008500358521002000443521002000463252320250814143417.0 a9781416958376 aDLCcDLCdDLCbeng00aPZ7.A3174b200800a4071 aAlbee, Sarah10aJourney around the world /cby Sarah Albee ; illustrated by The Artifact Group aFirst Edition  aNew York :bSimon Spotlight/Nick Jr.,c2008 a20 unnumbered pages :bcolor illustrations ;c24 cm0 aReady-to-read. Level 1vBook 11 aF  aThe brave explorers know the world is round...but can they convince Queen Tasha?1 a300 bLexile 1 aF bRaz-Plus